Un cristiano lee el Corán

Gespeichert in:
Bibliographische Detailangaben
1. Verfasser: Jomier, Jacques (VerfasserIn)
Format: Buch
Sprache:Spanisch
Veröffentlicht: Pamplona Verbo Divino 1985
Schriftenreihe:Cuadernos Bíblicos, 48
Schlagworte:
Tags: Tag hinzufügen
Keine Tags, Fügen Sie den ersten Tag hinzu!

MARC

LEADER 00000nam a2200000 a 4500
001 UCL7843
003 CL-VaPUC
008 040604e19850000SP |||||||||||||||||spa|d
020 |a 8471514044 
082 0 4 |a 297.122  |b JOM  |2 21 
100 |a Jomier, Jacques  |e author  |9 487564 
245 1 3 |a Un cristiano lee el Corán 
300 |a 62 p 
942 |c BK 
945 |d 20040604 00:00:00  |a cmena 
260 |a Pamplona  |b Verbo Divino  |c 1985 
650 0 |a Textos sagrados   |9 257605 
650 0 |a Islamismo  |9 314084 
650 0 |a Corán  |9 314983 
583 |a last modification  |c 20130402 08:32:20  |k Rodrigo Vera 
490 0 |a Cuadernos Bíblicos, 48 
999 |c 309401  |d 309399 
952 |0 0  |1 0  |4 0  |6 297_122000000000000_JOM_1985  |7 0  |8 A  |9 376837  |a BIBTEO  |b BIBTEO  |d 2019-11-21  |i 2116847  |o 297.122 JOM 1985  |p 2116847  |r 2025-01-17  |w 2019-11-21  |y BK  |k ICR